000 00575nam a2200205 a 4500
001 20021
003 CO-ViMGA
008 141112s2004 ck r 000 u spa d
020 _a9582700386
040 _aCO-ViMGA
_bspa
_cCO-ViMGA
082 _aCo863.6 P374v
100 1 _aPergolis, Juan Carlos
_95667
245 1 0 _aVentanal de un sexto piso
260 _aBogotá :
_bArango Editores,
_c2000
300 _a166 p.
490 _aNarrativa Colombiana
590 _aForma de adquisición : Premio Mincultura
650 1 4 _aNOVELA COLOMBIANA - SIGLO XX
_92058
942 _2ddc
_cBK
999 _c10925
_d10925